The tormenting demon of fear. (Record no. 14181)

000 -LEADER
fixed length control field 00538nam a2200181 a 4500
001 - CONTROL NUMBER
control field :::00012005$&:&@@
003 - CONTROL NUMBER IDENTIFIER
control field OkBaRHE
005 - DATE AND TIME OF LATEST TRANSACTION
control field 20000607103415.0
008 - FIXED-LENGTH DATA ELEMENTS--GENERAL INFORMATION
fixed length control field j 000 0 eng u
040 ## - CATALOGING SOURCE
Transcribing agency
100 1# - MAIN ENTRY--PERSONAL NAME
Personal name Allen, Asa A.
245 14 - TITLE STATEMENT
Title The tormenting demon of fear.
260 ## - PUBLICATION, DISTRIBUTION, ETC. (IMPRINT)
Place of publication, distribution, etc Miracle Valley, AZ., :
Name of publisher, distributor, etc A. A. Allen Publications
Date of publication, distribution, etc nd
300 ## - PHYSICAL DESCRIPTION
Extent 34 p. ;
Dimensions 19 cm.
650 ## - SUBJECT ADDED ENTRY--TOPICAL TERM
Topical term or geographic name as entry element Fear
942 ## - ADDED ENTRY ELEMENTS (KOHA)
Source of classification or shelving scheme
Koha item type Books
Copies
Shelving location Total Checkouts Permanent Location Current Location Date acquired Barcode Lost status Copy number Date checked out Damaged status Source of classification or shelving scheme Total Renewals Date last seen Price effective from Withdrawn status Not for loan Full call number Koha item type
General Stacks1RHEMA Bible Training CollegeRHEMA Bible Training College2010-04-1412005 12016-12-06  12017-01-032010-04-14  BX 8764 .Z6A4T6Books